000 00286nam a2200109 4500
999 _c10291
_d10291
008 180811b ||||| |||| 00| 0 eng d
245 _aDealing with health issues.
260 _aPhilippines
_bManila Bulletin
_cc2017
300 _apage B-4.
650 0 _930366
_aHealth.
942 _2ddc
_cPER